Fénixov zázrak - prípad Slovenska?

Teoretický rámec a prehľad literatúry o procese tzv. Fénixovho zázraku. Rozdelenie krajín podľa prítomnosti Fénixovho zázraku. Analýza štruktúry HDP Slovenska v kontexte vývoja úverov od roku 2005 po súčasnosť, pričom cieľom je posúdiť, či je možné Slovensko zaradiť medzi „zázračne sa oživujúce ekon...

Descrizione completa

Salvato in:
Dettagli Bibliografici
Autore principale: Kotlebová, Jana, 1969-
Natura: Capitolo di libro
Lingua:slovacco
Soggetti:
Tags: Aggiungi Tag
Nessun Tag, puoi essere il primo ad aggiungerne!!

MARC

LEADER 00000nla a2200000 4500
001 0183521
005 20240502073136.4
041 0 |a slo 
044 |a SK 
245 1 0 |a Fénixov zázrak - prípad Slovenska?  |c Jana Kotlebová 
520 |a Teoretický rámec a prehľad literatúry o procese tzv. Fénixovho zázraku. Rozdelenie krajín podľa prítomnosti Fénixovho zázraku. Analýza štruktúry HDP Slovenska v kontexte vývoja úverov od roku 2005 po súčasnosť, pričom cieľom je posúdiť, či je možné Slovensko zaradiť medzi „zázračne sa oživujúce ekonomiky“. 
610 2 0 |a rast hospodársky 
610 2 0 |a situácia hospodárska 
610 2 0 |a produkt domáci hrubý 
610 2 0 |a úver 
610 2 0 |a analýzy 
610 2 0 |a Slovensko 
100 1 |a Kotlebová, Jana, 1969-